|
|
|
|
| LEADER |
00000cam a2200000 7i4500 |
| 001 |
0000008050 |
| 005 |
20160812.0 |
| 020 |
|
|
|a 0003830438
|
| 040 |
|
|
|a INS
|
| 090 |
0 |
0 |
|a TH437
|b B73 1985
|
| 100 |
1 |
|
|a Brandon, Peter S.
|
| 245 |
1 |
0 |
|a Computer Programs for building cost appraisal
|c Peter S. Brandon, R. Geoffrey Moore,Philip R. Main
|
| 260 |
|
|
|a London :
|b Collins Professional and Technical ,
|c 1985
|
| 300 |
|
|
|a x, 234p. ;
|c 23 cm.
|
| 650 |
|
0 |
|a Building
|x Data processing
|
| 650 |
|
0 |
|a Micro computers
|
| 650 |
0 |
0 |
|a Building
|x Estimes
|x Data processing
|
| 700 |
1 |
|
|a Main, Philip R.
|
| 700 |
1 |
|
|a Moore, R. Geoffrey
|
| 999 |
|
|
|a 0000022253
|b BOOK
|c Open Shelf
|e Default branch
|